[Event "Sparkassen-Open A"]
[Site "Heusenstamm, Martinsee"]
[Date "2023.11.24"]
[Round "2.60"]
[White "Buchinger, Alexis"]
[Black "Spelleken, Hans-Gerd"]
[Result "1-0"]
[WhiteElo "1841"]
[BlackElo "1700"]
[PlyCount "89"]
[EventDate "2023.??.??"]
[WhiteTeam "SF Neuberg"]
[BlackTeam "SC Somborn 1933"]

1. e4 c5 2. Nf3 d6 3. d4 cxd4 4. Nxd4 g6 5. Nc3 a6 6. Be3 Bg7 7. Qd2 Nf6 8. f3 O-O 9. O-O-O Nc6 10. h4 Ne5 11. g4 b5 12. h5 b4 13. Nb1 a5 14. hxg6 fxg6 15. Bh6 Qc7 16. Bxg7 Kxg7 17. Be2 Nf7 18. Rh4 Bd7 19. Rdh1 Rh8 20. Bd1 e5 21. Ne2 Be6 22. b3 g5 23. R4h2 d5 24. exd5 Nxd5 25. Ng3 Rad8 26. Qd3 h6 27. Nh5+ Kf8 28. Qg6 Ke7 29. Be2 Rhg8 30. Ng7 Nf4 31. Nxe6 Nxe6 32. Qe4 Rd4 33. Qe3 Rc8 34. Ba6 Rcd8 35. Bc4 Rxc4 36. bxc4 Qxc4 37. Qb3 Qd4 38. Rd2 Qf4 39. Re1 Nd4 40. Qe3 Nxf3 41. Rf2 Qxe3+ 42. Rxe3 Nd4 43. Nd2 Rc8 44. Ne4 a4 45. Rxf7+ 1-0

[Event "Sparkassen-Open A"]
[Site "Heusenstamm, Martinsee"]
[Date "2023.11.24"]
[Round "2.61"]
[White "Kirchmann, Sascha"]
[Black "von Wahden, Jens"]
[Result "1/2-1/2"]
[WhiteElo "1710"]
[BlackElo "1904"]
[PlyCount "86"]
[EventDate "2023.??.??"]
[WhiteTeam "SAbt SU Mühlheim"]
[BlackTeam "SV Oberursel"]

1. e4 e6 2. d4 d5 3. e5 c5 4. c3 Nc6 5. Nf3 Bd7 6. a3 c4 7. Be2 Na5 8. Nbd2 Bc6 9. O-O Qd7 10. Qe1 Ba4 11. Bd1 O-O-O 12. Bxa4 Qxa4 13. Qd1 Qc6 14. Rb1 Kb8 15. Re1 Rc8 16. Nf1 h6 17. h4 Be7 18. Bf4 Qd7 19. h5 Bd8 20. Ng3 Ne7 21. Nh2 Bc7 22. Qf3 Nec6 23. Ng4 Rcg8 24. Re2 Ka8 25. Rbe1 Bd8 26. Kf1 Nb3 27. Kg1 Nbxd4 28. cxd4 Nxd4 29. Qc3 Nxe2+ 30. Nxe2 Qe7 31. g3 Rf8 32. Nd4 Qd7 33. b3 cxb3 34. Qxb3 Ba5 35. Rb1 a6 36. Ne3 Rb8 37. Nec2 Rhc8 38. Nb4 Bxb4 39. Qxb4 Rc4 40. Qb2 Qc7 41. Kg2 b5 42. Ra1 Qb6 43. Be3 Qc7 1/2-1/2

[Event "Sparkassen-Open A"]
[Site "Heusenstamm, Martinsee"]
[Date "2023.11.24"]
[Round "2.62"]
[White "Rotärmel, Leonie"]
[Black "Baladjaev, Emin"]
[Result "1/2-1/2"]
[WhiteElo "1472"]
[BlackElo "1927"]
[PlyCount "142"]
[EventDate "2023.??.??"]
[WhiteTeam "SK Bad Homburg 1927"]
[BlackTeam "SAbt TuS Dotzheim"]

1. e4 e5 2. Nf3 d6 3. d4 exd4 4. Nxd4 Be7 5. Nc3 Nf6 6. Be2 O-O 7. O-O Re8 8. Re1 c6 9. Be3 Bf8 10. f3 Nbd7 11. Bf2 Ne5 12. Qd2 Ng6 13. Bc4 Qc7 14. Nde2 Be6 15. Bxe6 fxe6 16. Nf4 Ne5 17. Qe2 Rad8 18. Nd3 Ng6 19. Rad1 e5 20. Nb4 d5 21. a3 d4 22. Qc4+ Kh8 23. Ncd5 Qf7 24. Ne3 Qxc4 25. Nxc4 c5 26. Na2 b5 27. Nd2 a5 28. Nb3 Ra8 29. Nd2 c4 30. a4 bxa4 31. Nxc4 Rac8 32. Nb6 Rxc2 33. Nxa4 Nf4 34. Kf1 Bb4 35. Nxb4 axb4 36. Rc1 Rec8 37. Rxc2 Rxc2 38. g3 Ne6 39. Re2 d3 40. Re1 Ng5 41. Kg2 Kg8 42. Nc5 d2 43. Rd1 Rxb2 44. Nd3 Rc2 45. Nxb4 Rc3 46. Rxd2 Nxf3 47. Rd3 Rc4 48. Kxf3 Rxb4 49. Re3 h5 50. h3 Kf7 51. g4 hxg4+ 52. hxg4 Kg6 53. Bh4 Nh7 54. Rd3 Ng5+ 55. Bxg5 Kxg5 56. Rd5 Rb3+ 57. Ke2 Kf4 58. Rd7 g5 59. Rf7+ Kxg4 60. Rf5 Rb4 61. Rxe5 Kf4 62. Rf5+ Kg4 63. Ke3 Kh4 64. e5 g4 65. e6 Rb6 66. Re5 Rb8 67. e7 Re8 68. Kf4 g3 69. Kf3 g2 70. Kxg2 Kg4 71. Kf2 Kf4 1/2-1/2

[Event "Sparkassen-Open A"]
[Site "Heusenstamm, Martinsee"]
[Date "2023.11.24"]
[Round "2.63"]
[White "Buchholz, Maja Patricia"]
[Black "Faß?ler, Felix"]
[Result "1-0"]
[WhiteElo "1923"]
[BlackElo "1606"]
[PlyCount "79"]
[EventDate "2023.??.??"]
[WhiteTeam "Wiesbadener SV 1885"]
[BlackTeam "SC Fulda"]

1. c4 e6 2. g3 d5 3. Bg2 Nf6 4. Nf3 dxc4 5. Qa4+ Bd7 6. Qxc4 c5 7. Ne5 Qc8 8. Qd3 Nc6 9. Nxd7 Nxd7 10. Nc3 Be7 11. b3 O-O 12. Bb2 Rd8 13. Rd1 Nf6 14. Qb1 Qc7 15. O-O h5 16. d3 Rac8 17. Rd2 h4 18. Rc1 Qb8 19. e3 b6 20. Ne2 hxg3 21. hxg3 Ng4 22. d4 Nb4 23. Rcd1 Bf6 24. a3 Nd5 25. dxc5 bxc5 26. Bxf6 Ngxf6 27. Qd3 Rd7 28. Qc2 Rdc7 29. Nc3 Nxc3 30. Qxc3 Qb6 31. Rc2 a5 32. Rdc1 Rb8 33. Rb2 Nd5 34. Qc4 Rd8 35. Bf3 g6 36. Kg2 Qd6 37. Rd1 Rcd7 38. e4 Nb6 39. Rxd6 Nxc4 40. Rxd7 1-0

[Event "Sparkassen-Open A"]
[Site "Heusenstamm, Martinsee"]
[Date "2023.11.24"]
[Round "2.64"]
[White "Oster, Klaus"]
[Black "Fleischmann, Theo"]
[Result "1-0"]
[WhiteElo "1907"]
[BlackElo "1578"]
[PlyCount "63"]
[EventDate "2023.??.??"]
[WhiteTeam "SF Dettingen 1950"]
[BlackTeam "SVG CAISSA Kassel"]

1. d4 Nf6 2. Nf3 e6 3. g3 b5 4. Bg2 Bb7 5. O-O c5 6. a4 b4 7. c4 cxd4 8. Qxd4 Nc6 9. Qd1 Be7 10. Nbd2 O-O 11. e4 d5 12. exd5 exd5 13. b3 a5 14. Bb2 h6 15. Rc1 dxc4 16. Nxc4 Nh7 17. Nfe5 Nxe5 18. Bxe5 Bxg2 19. Kxg2 Bf6 20. Qxd8 Rfxd8 21. Rfd1 Bxe5 22. Nxe5 Ng5 23. Nc4 Ne6 24. Rxd8+ Nxd8 25. Rd1 Nc6 26. Rd6 Rc8 27. Nb6 Rc7 28. Nd5 Nd4 29. Nxc7 Nxb3 30. Rd5 Kf8 31. Nb5 Ke7 32. Nd4 1-0

[Event "Sparkassen-Open A"]
[Site "Heusenstamm, Martinsee"]
[Date "2023.11.24"]
[Round "2.65"]
[White "Arne, Jonas"]
[Black "Kalepky, Helmut"]
[Result "1/2-1/2"]
[WhiteElo "1432"]
[BlackElo "1912"]
[PlyCount "89"]
[EventDate "2023.??.??"]
[WhiteTeam "SG Kaiserslautern 1905"]
[BlackTeam "Sfr.Heidesheim"]

1. c4 Nf6 2. Nc3 d5 3. cxd5 Nxd5 4. g3 e6 5. Bg2 Be7 6. d4 O-O 7. Nxd5 exd5 8. Nf3 c6 9. O-O Bf5 10. a3 a5 11. Bd2 Qb6 12. Qc1 Nd7 13. Qc3 a4 14. Nh4 Be6 15. b3 Qxb3 16. Qxb3 axb3 17. Rfb1 b5 18. Rxb3 Nb6 19. Bb4 Rfe8 20. Nf3 f6 21. Nd2 Bf5 22. e3 Ra6 23. Bxe7 Rxe7 24. Rc3 Nc4 25. Nxc4 bxc4 26. Bf1 Rb7 27. Be2 Ra5 28. Bd1 Rb2 29. a4 Kf7 30. h4 Bd3 31. Kg2 Ke6 32. g4 h6 33. Kg3 g5 34. h5 Kd6 35. Rac1 Ra7 36. Ra3 Ra5 37. Rac3 Kc7 38. f3 Ra8 39. e4 Re8 40. exd5 Be2 41. dxc6 Kxc6 42. Bxe2 Rexe2 43. Rxc4+ Kd5 44. Rc5+ Kxd4 45. R5c4+ 1/2-1/2

[Event "Sparkassen-Open A"]
[Site "Heusenstamm, Martinsee"]
[Date "2023.11.24"]
[Round "2.66"]
[White "Lee, Kwan Ho Matthew"]
[Black "Scherf, Karl-Heinrich"]
[Result "1/2-1/2"]
[WhiteElo "1587"]
[BlackElo "1911"]
[PlyCount "76"]
[EventDate "2023.??.??"]
[WhiteTeam "SV Oberursel"]
[BlackTeam "SF Neuberg"]

1. d4 Nf6 2. Nf3 g6 3. g3 Bg7 4. Bg2 d6 5. O-O O-O 6. c4 Nc6 7. Nc3 Bf5 8. d5 Na5 9. Nd2 c5 10. e4 Bd7 11. Qc2 a6 12. b3 b5 13. Bb2 Qb6 14. Rab1 Rab8 15. Nd1 Qa7 16. Ne3 Rb6 17. Bc3 b4 18. Bb2 Nb7 19. Kh1 a5 20. f4 a4 21. e5 Ng4 22. Nxg4 Bxg4 23. Rbe1 Ra6 24. exd6 Nxd6 25. Bxg7 Kxg7 26. Qb2+ f6 27. Rf2 axb3 28. axb3 Ra8 29. Nf1 Ra2 30. Qxa2 Qxa2 31. Rxa2 Rxa2 32. Rxe7+ Kf8 33. Rc7 Bd1 34. Rc6 Bxb3 35. Rxd6 Bxc4 36. Rxf6+ Kg7 37. Rb6 Ra1 38. Kg1 b3 1/2-1/2

[Event "Sparkassen-Open A"]
[Site "Heusenstamm, Martinsee"]
[Date "2023.11.24"]
[Round "2.67"]
[White "Özdemir, Ali Ö?zden"]
[Black "Schneider, Till"]
[Result "1-0"]
[WhiteElo "2045"]
[BlackElo "1575"]
[PlyCount "41"]
[EventDate "2023.??.??"]
[WhiteTeam "SK Langen"]
[BlackTeam "SC Brett vorm Kopp Ffm"]

1. e4 e6 2. d3 d5 3. Qe2 Nc6 4. Nf3 e5 5. c3 Nf6 6. b4 Bg4 7. h3 Bxf3 8. Qxf3 d4 9. b5 Nb8 10. Be2 Nbd7 11. cxd4 Bb4+ 12. Bd2 Bxd2+ 13. Nxd2 exd4 14. O-O Ne5 15. Qg3 Qd6 16. f4 Qb4 17. fxe5 Qxd2 18. exf6 Qxe2 19. Qe5+ Kd8 20. fxg7 Qe3+ 21. Kh1 1-0

[Event "Sparkassen-Open A"]
[Site "Heusenstamm, Martinsee"]
[Date "2023.11.24"]
[Round "2.68"]
[White "Diehl, Stefan"]
[Black "Stümer, Paul"]
[Result "1/2-1/2"]
[WhiteElo "1789"]
[BlackElo "2115"]
[PlyCount "106"]
[EventDate "2023.??.??"]
[WhiteTeam "SC 1910 Höchst"]
[BlackTeam "SV Bergneustadt/Dersch"]

1. f4 c5 2. Nf3 Nc6 3. e3 a6 4. b3 e6 5. Bb2 Nf6 6. Be2 Be7 7. O-O O-O 8. Qe1 d5 9. Ne5 Bd7 10. d3 Ne8 11. Nd2 Nb4 12. Bd1 f6 13. Nef3 Nd6 14. a3 Nc6 15. Rb1 Qc7 16. c4 d4 17. exd4 cxd4 18. b4 Nf5 19. Bb3 Kh8 20. Rf2 e5 21. fxe5 fxe5 22. Ne4 Ne3 23. c5 h6 24. Bc1 Bg4 25. Bxe3 dxe3 26. Qxe3 Bxf3 27. gxf3 Rf4 28. Nc3 Bg5 29. Nd5 Qd8 30. Nxf4 Bxf4 31. Qe4 Qf8 32. Rbf1 Nd4 33. Bd5 Rd8 34. Bxb7 Ne6 35. Rg2 a5 36. Qg6 Be3+ 37. Kh1 Nf4 38. Qe4 Nxg2 39. Kxg2 Bd4 40. Qg6 axb4 41. Be4 Qg8 42. axb4 Rf8 43. Qa6 Rb8 44. Qc4 Qxc4 45. dxc4 Rxb4 46. Rd1 g5 47. c6 Rxc4 48. Rb1 h5 49. Rb7 h4 50. Rh7+ Kg8 51. c7 Rc3 52. Bf5 Bb6 53. Rh5 Rxc7 1/2-1/2

[Event "Sparkassen-Open A"]
[Site "Heusenstamm, Martinsee"]
[Date "2023.11.24"]
[Round "2.69"]
[White "Woods, Yannick"]
[Black "Wahlund, Max"]
[Result "1-0"]
[WhiteElo "1801"]
[BlackElo "2079"]
[PlyCount "79"]
[EventDate "2023.??.??"]
[WhiteTeam "Sligo Chess Club"]
[BlackTeam "Europchess Brussels"]

1. d4 Nf6 2. Nf3 g6 3. Bf4 Bg7 4. e3 O-O 5. c3 Nh5 6. Be5 f6 7. Bg3 Nxg3 8. hxg3 d5 9. c4 c6 10. Nc3 Na6 11. cxd5 cxd5 12. Nd2 Nc7 13. Be2 e5 14. Nf3 Be6 15. Qd2 Rc8 16. Rd1 Qe7 17. Kf1 Ne8 18. dxe5 fxe5 19. Nxd5 Qf7 20. e4 h6 21. Kg1 Bxd5 22. Qxd5 Qxd5 23. exd5 Nd6 24. Rh4 e4 25. Ne1 Bf6 26. Rxh6 Kg7 27. Rh3 Bxb2 28. g4 Rc5 29. Rb3 Be5 30. g3 Rfc8 31. Ra3 a6 32. Ng2 Rc2 33. Bf1 Rf8 34. Ne3 Rb2 35. Rc1 Bd4 36. Nd1 Bxf2+ 37. Nxf2 Rfxf2 38. Rc7+ Kf6 39. Rd7 Ke5 40. Ra5 1-0

[Event "Sparkassen-Open A"]
[Site "Heusenstamm, Martinsee"]
[Date "2023.11.24"]
[Round "2.70"]
[White "McAdam, Mark"]
[Black "Peschel, Julia"]
[Result "1-0"]
[WhiteElo "2037"]
[BlackElo "1591"]
[PlyCount "75"]
[EventDate "2023.??.??"]
[WhiteTeam "SC Brett vorm Kopp Ffm"]
[BlackTeam "Biebertaler SF"]

1. d4 d5 2. Nf3 Nf6 3. c4 e6 4. g3 Be7 5. Bg2 O-O 6. O-O b6 7. Nc3 Bb7 8. Ne5 Nbd7 9. Bf4 Ne4 10. Qc2 f5 11. Rac1 Nxe5 12. Bxe5 c6 13. f3 Nd6 14. cxd5 exd5 15. e4 Nc4 16. exd5 Ne3 17. Qb3 cxd5 18. Rf2 Nxg2 19. Kxg2 Bf6 20. Re2 Rc8 21. Rce1 Kh8 22. Qc2 Bxe5 23. Rxe5 Qf6 24. Qd2 Rcd8 25. Re6 Qf7 26. Re7 Qg6 27. Rxb7 f4 28. Ree7 Rg8 29. Qxf4 Qc2+ 30. Re2 Qd3 31. Qe3 Qa6 32. Qe7 Qd3 33. Qh4 Rc8 34. Ree7 Qc2+ 35. Ne2 Qxb2 36. Qg4 Rc2 37. Qe6 h6 38. Qxh6+ 1-0

[Event "Sparkassen-Open A"]
[Site "Heusenstamm, Martinsee"]
[Date "2023.11.24"]
[Round "2.71"]
[White "Baumgartl, Günther"]
[Black "Bahlo, Jens"]
[Result "1-0"]
[WhiteElo "2040"]
[BlackElo "1795"]
[PlyCount "51"]
[EventDate "2023.??.??"]
[WhiteTeam "SC 1952 Obertshausen"]
[BlackTeam "SK 1858 Gieß?en"]

1. e4 Nc6 2. d4 d5 3. Nc3 Nf6 4. e5 Nd7 5. Nxd5 Ndb8 6. Ne3 Qxd4 7. Qxd4 Nxd4 8. c3 Nf5 9. Bd3 Nxe3 10. Bxe3 Nc6 11. f4 g5 12. g3 gxf4 13. gxf4 Bg4 14. Be4 Bh6 15. Kf2 O-O 16. Ne2 Kh8 17. Rhg1 Rg8 18. Ng3 e6 19. h3 Nxe5 20. fxe5 Bxe3+ 21. Kxe3 Bxh3 22. Nh5 Bf5 23. Bxf5 exf5 24. Nf6 Rg6 25. Rad1 Kg7 26. Kf4 1-0

[Event "Sparkassen-Open A"]
[Site "Heusenstamm, Martinsee"]
[Date "2023.11.24"]
[Round "2.72"]
[White "Bräutigam, Thomas"]
[Black "Mehlen, Theodor"]
[Result "1-0"]
[WhiteElo "1992"]
[BlackElo "1808"]
[PlyCount "65"]
[EventDate "2023.??.??"]
[WhiteTeam "SV Würzburg von 1865 e.V."]
[BlackTeam "SC Matt im Park Ffm"]

1. d4 d5 2. Nf3 Nf6 3. g3 e6 4. Bg2 c5 5. O-O Nc6 6. c4 dxc4 7. Qa4 Bd7 8. Qxc4 b5 9. Qd3 c4 10. Qd1 Be7 11. b3 cxb3 12. axb3 O-O 13. Nc3 a6 14. Ne5 Qb6 15. Nxd7 Nxd7 16. d5 Nce5 17. d6 Bxd6 18. Bxa8 Rxa8 19. Nxb5 Qxb5 20. Qxd6 Qxe2 21. Be3 Nf3+ 22. Kg2 Nde5 23. Rfd1 h5 24. h3 h4 25. g4 Nxg4 26. hxg4 h3+ 27. Kxh3 f6 28. Qxe6+ Kh8 29. Rh1 g5 30. Kg3+ Nh4 31. Qxf6+ Kh7 32. Qf7+ Kh6 33. Rxh4# 1-0

[Event "Sparkassen-Open A"]
[Site "Heusenstamm, Martinsee"]
[Date "2023.11.24"]
[Round "2.73"]
[White "Benninger, Rudolf"]
[Black "Peri, Jean-Christophe"]
[Result "1-0"]
[WhiteElo "1987"]
[BlackElo "1667"]
[PlyCount "71"]
[EventDate "2023.??.??"]
[WhiteTeam "SC Heusenstamm"]
[BlackTeam "SK Herborn 1946"]

1. e4 c6 2. c4 d5 3. exd5 cxd5 4. cxd5 Nf6 5. Nc3 g6 6. Nf3 Bg7 7. d4 O-O 8. Bc4 a6 9. a4 b6 10. O-O Bb7 11. Qb3 Ne8 12. Re1 Nd7 13. Bg5 Ndf6 14. Re2 Nd6 15. Bd3 Re8 16. Rae1 Rc8 17. h4 h6 18. Bf4 Kf8 19. Ne5 Rxc3 20. Qxc3 Nxd5 21. Qd2 Nxf4 22. Qxf4 Kg8 23. Re3 Bd5 24. Rg3 Rf8 25. Qg4 Be6 26. Qe2 Nf5 27. Bxf5 Bxf5 28. Nc6 Qd7 29. Nxe7+ Kh7 30. Nxf5 Qxf5 31. Qe4 Qa5 32. d5 Qc5 33. h5 Bd4 34. hxg6+ Kh8 35. Qf4 fxg6 36. Qxh6+ 1-0

[Event "Sparkassen-Open A"]
[Site "Heusenstamm, Martinsee"]
[Date "2023.11.24"]
[Round "2.74"]
[White "von Auer, Ulrich"]
[Black "Werner, Florin"]
[Result "1-0"]
[WhiteElo "1937"]
[BlackElo "1666"]
[PlyCount "67"]
[EventDate "2023.??.??"]
[WhiteTeam "SV Oberursel"]
[BlackTeam "VSG 1880 Offenbach"]

1. Nf3 d5 2. g3 Nf6 3. Bg2 c6 4. b3 g6 5. Bb2 Bg7 6. O-O O-O 7. c4 Re8 8. d4 Ne4 9. Nbd2 Bf5 10. Nh4 Nxd2 11. Qxd2 Be6 12. Rac1 Na6 13. Nf3 Bf5 14. cxd5 cxd5 15. Ne5 Qd6 16. Qa5 Be6 17. e4 Bxe5 18. dxe5 Qb4 19. Qxb4 Nxb4 20. Ba3 Nd3 21. Rc7 dxe4 22. Bxe4 Nxe5 23. Rxb7 Rad8 24. Rxa7 Rd2 25. Bc5 Bh3 26. Bg2 Bxg2 27. Kxg2 e6 28. Be3 Re2 29. Rc1 Rd8 30. Rc5 Nd3 31. Rcc7 Ne5 32. Bg5 Rf8 33. Be7 Re8 34. Bd6 1-0

[Event "Sparkassen-Open A"]
[Site "Heusenstamm, Martinsee"]
[Date "2023.11.24"]
[Round "2.75"]
[White "Arkhipenko, Denis"]
[Black "Hank, Holger"]
[Result "1/2-1/2"]
[WhiteElo "1658"]
[BlackElo "1951"]
[PlyCount "66"]
[EventDate "2023.??.??"]
[WhiteTeam "SC Heusenstamm"]
[BlackTeam "Brühler SK 1920 e. V."]

1. d4 g6 2. Bf4 Bg7 3. e3 d6 4. c4 e5 5. Bg3 exd4 6. exd4 Nc6 7. Nf3 Bg4 8. Be2 Bxf3 9. Bxf3 Qe7+ 10. Kf1 Nh6 11. Nc3 O-O 12. d5 Ne5 13. Bxe5 Qxe5 14. g3 Nf5 15. Kg2 Rae8 16. Re1 Qf6 17. Qd2 Nd4 18. Be2 Re7 19. f4 Rfe8 20. Bd3 Nf5 21. Rxe7 Rxe7 22. Bxf5 Qxf5 23. Re1 Rxe1 24. Qxe1 Qc2+ 25. Qf2 Qxf2+ 26. Kxf2 a6 27. Nd1 Bd4+ 28. Kf3 f5 29. b3 Kf7 30. h3 h6 31. Ke2 Kf6 32. Kd3 Bg1 33. Nc3 g5 1/2-1/2

[Event "Sparkassen-Open A"]
[Site "Heusenstamm, Martinsee"]
[Date "2023.11.24"]
[Round "2.77"]
[White "Raumanns, Niklas"]
[Black "Werner, Tom"]
[Result "1-0"]
[WhiteElo "1729"]
[BlackElo "1822"]
[PlyCount "115"]
[EventDate "2023.??.??"]
[WhiteTeam "SC Bergen-Enkheim 1922"]
[BlackTeam "VSG 1880 Offenbach"]

1. e3 d5 2. b3 Bf5 3. Bb2 Nc6 4. Bb5 e6 5. Nf3 a6 6. Bxc6+ bxc6 7. Nd4 Qg5 8. O-O c5 9. Nxf5 Qxf5 10. d3 Nf6 11. Nd2 h5 12. Qe2 Qg6 13. f4 Be7 14. e4 Qg4 15. Rf3 O-O 16. e5 Nd7 17. Raf1 f5 18. Qf2 Bh4 19. g3 Be7 20. Qg2 Qg6 21. h3 Kf7 22. g4 Qh7 23. gxf5 Qxf5 24. Rg3 Rg8 25. Nf3 Raf8 26. Ng5+ Ke8 27. h4 g6 28. Kh2 Rg7 29. Qd2 Bxg5 30. Rxg5 Qf7 31. Qa5 Qe7 32. Qxc7 Rf5 33. Qc8+ Kf7 34. Qxa6 Rg8 35. a4 Kg7 36. Qd6 Qe8 37. Rxf5 gxf5 38. Rg1+ Kh7 39. Rxg8 Kxg8 40. a5 Nf8 41. Qxc5 Qd8 42. Kh3 Ng6 43. Qg1 Qxh4+ 44. Kg2 Qg4+ 45. Kf2 Qxf4+ 46. Ke1 Kh7 47. a6 Nxe5 48. Qf2 Qb4+ 49. Kd1 Qg4+ 50. Kc1 Nd7 51. a7 Qg8 52. Kb1 f4 53. Qxf4 Qg1+ 54. Bc1 Qxa7 55. Qh6+ Kg8 56. Qxe6+ Kh8 57. Bb2+ d4 58. Qd5 1-0

[Event "Sparkassen-Open A"]
[Site "Heusenstamm, Martinsee"]
[Date "2023.11.24"]
[Round "2.78"]
[White "Woestmann, Ulrich"]
[Black "Binner, Peter"]
[Result "1/2-1/2"]
[WhiteElo "1937"]
[BlackElo "1793"]
[PlyCount "86"]
[EventDate "2023.??.??"]
[WhiteTeam "SV Ahlen 1954 e. V."]
[BlackTeam "Vorw.Orient Mainz"]

1. e4 c5 2. Nc3 e6 3. g3 Nc6 4. Bg2 Nf6 5. f4 d6 6. Nf3 a6 7. O-O Be7 8. h3 O-O 9. Kh2 Qc7 10. d4 cxd4 11. Nxd4 Bd7 12. Be3 Rfd8 13. Qe2 Nxd4 14. Bxd4 e5 15. Be3 Rac8 16. Qf2 Qc4 17. fxe5 dxe5 18. Nd5 Nxd5 19. Qxf7+ Kh8 20. exd5 Qb4 21. c3 Qd6 22. Qf2 Rf8 23. Qd2 Bb5 24. Rxf8+ Rxf8 25. b3 Qg6 26. c4 Bd7 27. Rd1 Qh5 28. Rf1 Bf5 29. d6 Bf6 30. Qd1 Qg6 31. c5 Be4 32. Bxe4 Qxe4 33. Qf3 Qxf3 34. Rxf3 Kg8 35. g4 h6 36. Kg2 Kf7 37. h4 Ke8 38. g5 hxg5 39. Bxg5 Kd7 40. Kf2 e4 41. Rf4 Bd4+ 42. Ke2 Rxf4 43. Bxf4 Bxc5 1/2-1/2

[Event "Sparkassen-Open A"]
[Site "Heusenstamm, Martinsee"]
[Date "2023.11.24"]
[Round "2.79"]
[White "Gold, Jan Christian"]
[Black "Merz, Leander"]
[Result "1/2-1/2"]
[WhiteElo "1934"]
[BlackElo "1743"]
[PlyCount "200"]
[EventDate "2023.??.??"]
[WhiteTeam "SK Bad Homburg 1927"]
[BlackTeam "Schachforum Darmstadt 1994"]

1. Nf3 d5 2. d4 e6 3. g3 b5 4. a4 b4 5. Bg2 Bb7 6. c4 bxc3 7. Nxc3 Nd7 8. Bf4 Rc8 9. O-O Ngf6 10. Qb3 Ba8 11. Rac1 a6 12. Rfd1 Be7 13. Ne5 O-O 14. Nd3 Nb6 15. e4 dxe4 16. Nc5 Bxc5 17. dxc5 Nbd7 18. Qc2 Qe7 19. Nxe4 Bxe4 20. Bxe4 Nxe4 21. Qxe4 Rfe8 22. Qc6 Nb8 23. Qe4 Nd7 24. Qc4 e5 25. Bg5 Qxg5 26. Rxd7 Qf6 27. Re1 h6 28. c6 Re6 29. Qxa6 Rb8 30. Qe2 Rxc6 31. Qxe5 Re6 32. Qa5 Rxe1+ 33. Qxe1 Qxb2 34. Rxc7 Qa2 35. Qe4 Qb1+ 36. Qxb1 Rxb1+ 37. Kg2 Ra1 38. Ra7 Ra3 39. h4 g6 40. g4 Kf8 41. f3 Ke8 42. Kg3 g5 43. h5 Ra2 44. Ra6 Kf8 45. Rxh6 Rxa4 46. Rf6 Kg7 47. Rc6 Rb4 48. Kf2 Ra4 49. Rd6 Rf4 50. Ke3 Kh7 51. Rd4 Rf6 52. Ke4 Rf4+ 53. Ke3 Rf6 54. Re4 Kh6 55. Kf2 Kg7 56. Kg3 Ra6 57. Re5 Kh6 58. Rf5 f6 59. Rd5 Ra7 60. Kf2 Re7 61. Rd4 Kg7 62. Re4 Ra7 63. Re6 Kf7 64. Rd6 Re7 65. Rd8 Kg7 66. Rd5 Kf7 67. Rd8 Kg7 68. Rc8 Kf7 69. Rb8 Kg7 70. Kg3 Ra7 71. Rb5 Rc7 72. Rb4 Kh6 73. Re4 Ra7 74. Re3 Kg7 75. Rd3 Rc7 76. Re3 Ra7 77. f4 gxf4+ 78. Kxf4 Kf7 79. Rd3 Ra4+ 80. Kf5 Ra5+ 81. Ke4 Rg5 82. Kf4 Ra5 83. Rd4 Ra7 84. Rd5 Ke6 85. Rd4 Kf7 86. Rc4 Ra5 87. Rb4 Kg7 88. Rb7+ Kg8 89. Rd7 Rg5 90. Rc7 Ra5 91. Kg3 Rg5 92. Kh4 Ra5 93. Rb7 Rg5 94. Kg3 f5 95. Rb8+ Kg7 96. Rb7+ Kg8 97. Kf4 Rxg4+ 98. Kxf5 Rg7 99. Rb8+ Kh7 100. Kf6 Ra7 1/2-1/2

[Event "Sparkassen-Open A"]
[Site "Heusenstamm, Martinsee"]
[Date "2023.11.24"]
[Round "2.80"]
[White "Krychevskiy, Dmytro"]
[Black "Schellen, Sven"]
[Result "1-0"]
[WhiteElo "1888"]
[BlackElo "1785"]
[PlyCount "49"]
[EventDate "2023.??.??"]
[WhiteTeam "SV Oberursel"]
[BlackTeam "SV Frankfurt Nord 1926"]

1. e4 c6 2. d4 d5 3. Nc3 dxe4 4. Nxe4 Bf5 5. Ng3 Bg6 6. Nf3 Nd7 7. h4 h6 8. h5 Bh7 9. Bd3 Bxd3 10. Qxd3 Ngf6 11. Bd2 Qc7 12. O-O-O e6 13. Kb1 Bd6 14. Ne2 O-O-O 15. c4 c5 16. Qc2 Rhe8 17. Qa4 Ne4 18. Be3 Qb6 19. Qc2 f5 20. Nd2 Nef6 21. f3 Nb8 22. Nb3 Nfd7 23. Nc3 Qb4 24. Nb5 cxd4 25. a3 1-0

[Event "Sparkassen-Open A"]
[Site "Heusenstamm, Martinsee"]
[Date "2023.11.24"]
[Round "2.81"]
[White "Moldenhauer, Lennart"]
[Black "Büse, Ralf"]
[Result "1-0"]
[WhiteElo "1569"]
[BlackElo "1898"]
[PlyCount "65"]
[EventDate "2023.??.??"]
[WhiteTeam "SV Oberursel"]
[BlackTeam "SC Ladja Roß?dorf"]

1. e4 e6 2. Nf3 d5 3. e5 c5 4. b4 c4 5. c3 a5 6. b5 Bc5 7. d4 cxd3 8. Bxd3 Qb6 9. Qe2 h6 10. a4 Ne7 11. h4 Nd7 12. Nbd2 Nf8 13. Nb3 Bd7 14. O-O Nf5 15. Nxc5 Qxc5 16. Ba3 Qb6 17. Kh1 Ng6 18. g3 Qd8 19. h5 Nf8 20. c4 Ne7 21. Nd4 Rc8 22. Rac1 g6 23. Qf3 dxc4 24. Rxc4 Nd5 25. Rxc8 Bxc8 26. Be4 Qg5 27. Rc1 Bd7 28. Bxd5 exd5 29. Qxd5 Ne6 30. Nxe6 Bxe6 31. Qxb7 Qd8 32. Qc6+ Bd7 33. Qd6 1-0

[Event "Sparkassen-Open A"]
[Site "Heusenstamm, Martinsee"]
[Date "2023.11.24"]
[Round "2.82"]
[White "Zimmer, Gerald"]
[Black "Bender, Tim"]
[Result "1/2-1/2"]
[WhiteElo "1897"]
[BlackElo "1669"]
[PlyCount "94"]
[EventDate "2023.??.??"]
[WhiteTeam "SC Bergen-Enkheim 1922"]
[BlackTeam "SC Hennweiler"]

1. d4 Nf6 2. Nf3 g6 3. b3 Bg7 4. Bb2 b6 5. g3 Bb7 6. Bg2 c5 7. e3 Nc6 8. d5 Nb4 9. c4 O-O 10. a3 Na6 11. O-O e6 12. dxe6 dxe6 13. Be5 Qxd1 14. Rxd1 Rad8 15. Nc3 Nb8 16. Nb5 a6 17. Nc3 Nbd7 18. Bd6 Rfe8 19. Rac1 Bf8 20. Bc7 Rc8 21. Bd6 Red8 22. Kf1 Bxd6 23. Rxd6 Kf8 24. Rcd1 Ke7 25. Ng5 Bxg2+ 26. Kxg2 Ne8 27. R6d2 f6 28. Nf7 Kxf7 29. Rxd7+ Rxd7 30. Rxd7+ Kf8 31. Ne4 h6 32. Kf3 Rc6 33. h4 f5 34. Nc3 Rd6 35. Rxd6 Nxd6 36. Na4 Nc8 37. Kf4 Ke7 38. Ke5 Nd6 39. Kf4 Ne4 40. Nxb6 g5+ 41. hxg5 hxg5+ 42. Kf3 Nd2+ 43. Ke2 Nxb3 44. Kd3 Kd6 45. Na4 Na5 46. Nc3 Nc6 47. f4 gxf4 1/2-1/2

[Event "Sparkassen-Open A"]
[Site "Heusenstamm, Martinsee"]
[Date "2023.11.24"]
[Round "2.84"]
[White "Sheng, Ming"]
[Black "Jansen, Malte"]
[Result "1-0"]
[WhiteElo "1769"]
[BlackElo "1685"]
[PlyCount "47"]
[EventDate "2023.??.??"]
[WhiteTeam "SC Rochade Saarlouis 1993 e.V."]
[BlackTeam "SJ Herborn 1998"]

1. e4 e5 2. Nf3 Nc6 3. Bc4 Bc5 4. c3 Nf6 5. d3 d6 6. O-O Bg4 7. h3 Bh5 8. Re1 Qd7 9. Nbd2 g5 10. Nf1 g4 11. hxg4 Qxg4 12. Bg5 Ke7 13. N1h2 Qd7 14. Qd2 Rhg8 15. Bxf6+ Kxf6 16. Qh6+ Bg6 17. d4 exd4 18. e5+ dxe5 19. Qg5+ Kg7 20. Nxe5 Be7 21. Qxg6+ hxg6 22. Nxd7 Bd6 23. Ng4 f5 24. Bxg8 1-0

[Event "Sparkassen-Open A"]
[Site "Heusenstamm, Martinsee"]
[Date "2023.11.24"]
[Round "2.86"]
[White "Gürtler, Karlheinz"]
[Black "Rabiya, Karim"]
[Result "0-1"]
[WhiteElo "1871"]
[BlackElo "1737"]
[PlyCount "140"]
[EventDate "2023.??.??"]
[WhiteTeam "SC Ober-Ramstadt"]
[BlackTeam "SK Niederbrechen 1948"]

1. e4 Nf6 2. e5 Nd5 3. d4 d6 4. Bc4 Nb6 5. e6 Nxc4 6. exf7+ Kxf7 7. Qf3+ Kg8 8. Qd5+ e6 9. Qxc4 Be7 10. Nf3 Kf7 11. h4 h6 12. Nc3 b6 13. d5 Qd7 14. Nd4 e5 15. Ne6 c6 16. Qg4 Bf6 17. h5 cxd5 18. Nxd5 Qxe6 19. Qg6+ Kf8 20. Nc7 Qf7 21. Nxa8 Qxg6 22. hxg6 Na6 23. Be3 Bb7 24. Nxb6 axb6 25. Bxb6 Bxg2 26. Rg1 Be4 27. Rg4 d5 28. f3 h5 29. Rg1 Bxf3 30. c3 Ke7 31. a4 h4 32. Kf2 Be4 33. Rae1 h3 34. Rxe4 dxe4 35. b4 h2 36. Rh1 Bg5 37. Kg2 Bf4 38. b5 Nb8 39. c4 Rh6 40. a5 Rxg6+ 41. Kf1 Nd7 42. Bf2 Rd6 43. c5 Rd1+ 44. Kg2 Rxh1 45. Kxh1 e3 46. Be1 Nxc5 47. Bb4 e2 48. Bxc5+ Kd7 49. Bf2 Kc7 50. Be1 e4 51. Kg2 g5 52. Bb4 g4 53. Be1 g3 54. Kh1 Kb7 55. Kg2 Bc7 56. Kh1 Bd6 57. Kg2 Be5 58. Kh1 Bd4 59. Bxg3 Bc3 60. a6+ Ka8 61. b6 e1=Q+ 62. Bxe1 Bxe1 63. Kxh2 Ba5 64. b7+ Kb8 65. Kg2 Kc7 66. Kf1 Bb6 67. Ke2 Ba7 68. Kd2 Kd6 69. b8=Q+ Bxb8 70. Ke3 Kd5 0-1